Lanean...

The Rupture with Memory; Derrida and tha Specters that Haunt Marxism

Xehetasun bibliografikoak
Egile nagusia: Nissim Mannathukkaren
Formatua: Printed Book
Argitaratua: Pondicherry; Navayana; 2006
Gaiak:
LEADER 00583nam a22001457a 4500
020 |a 81-89059-08-4 
082 |a 824  |b NIS/R P6 
100 |a Nissim Mannathukkaren  |9 164106 
245 |a The Rupture with Memory;  |b Derrida and tha Specters that Haunt Marxism 
260 |a Pondicherry;  |b Navayana;  |c 2006 
300 |a 116p. 
650 |a English Literary Criticism; English Literature;Marxism  |9 301291 
942 |c BK 
999 |c 62192  |d 62192 
952 |0 0  |1 0  |4 0  |6 824_000000000000000_NIS_R_P6  |7 0  |8 English   |9 74566  |a MAL  |b MAL  |d 2016-09-30  |e 51858  |g 150.00  |l 0  |o 824 NIS/R P6  |p MAL051858  |r 2016-09-30  |t 1  |w 2016-09-30  |y BK